Digital integrated circuits : (Record no. 906)
[ view plain ]
| 000 -LEADER | |
|---|---|
| fixed length control field | 00926nac a22002291u 4500 |
| 010 ## - LIBRARY OF CONGRESS CONTROL NUMBER | |
| LC control number | 2003270283 |
| 020 ## - INTERNATIONAL STANDARD BOOK NUMBER | |
| International Standard Book Number | 8120322576 |
| 020 ## - INTERNATIONAL STANDARD BOOK NUMBER | |
| International Standard Book Number | 8120322576 |
| 082 00 - DEWEY DECIMAL CLASSIFICATION NUMBER | |
| Classification number | 621.395 |
| Item number | R112 |
| 090 ## - LOCALLY ASSIGNED LC-TYPE CALL NUMBER (OCLC); LOCAL CALL NUMBER (OCLC) | |
| -- | 906 |
| -- | 906 |
| 100 ## - MAIN ENTRY--PERSONAL NAME | |
| Personal name | Rabaey, Jan M. |
| 245 10 - TITLE STATEMENT | |
| Title | Digital integrated circuits : |
| Remainder of title | a design perspective / |
| Statement of responsibility, etc | Jan M. Rabaey, Anantha Chandrakasan, Borivoje NikolicÌ?. |
| 250 ## - EDITION STATEMENT | |
| Edition statement | 2nd ed. |
| 260 ## - PUBLICATION, DISTRIBUTION, ETC. (IMPRINT) | |
| Place of publication, distribution, etc | New Delhi : |
| Name of publisher, distributor, etc | Prentice Hall of India, |
| Date of publication, distribution, etc | 2003. |
| 300 ## - PHYSICAL DESCRIPTION | |
| Extent | xxii, 761 p., [4] p. of plates : |
| Other physical details | ill. ; |
| Dimensions | 24 cm. |
| 504 ## - BIBLIOGRAPHY, ETC. NOTE | |
| Bibliography, etc | Includes bibliographical references and index. |
| 650 #0 - SUBJECT ADDED ENTRY--TOPICAL TERM | |
| Topical term or geographic name as entry element | Digital integrated circuits |
| General subdivision | Design and construction. |
| 700 1# - ADDED ENTRY--PERSONAL NAME | |
| Personal name | Chandrakasan, Anantha P. |
| 700 1# - ADDED ENTRY--PERSONAL NAME | |
| Personal name | NikolicÌ?, Borivoje, |
| Titles and other words associated with a name | Assistant Professor. |
| 942 ## - ADDED ENTRY ELEMENTS (KOHA) | |
| Item type | Book - Borrowing |
| Call number prefix | 621.395R112 |
| Withdrawn status | Item status | Source of classification or shelving scheme | Damaged status | Not for loan | Vendor | Home library | Current library | Shelving location | Date acquired | Source of acquisition | Cost, normal purchase price | Total Checkouts | Total Renewals | Full call number | Barcode | Date last seen | Date last borrowed | Cost, replacement price | Koha item type |
|---|---|---|---|---|---|---|---|---|---|---|---|---|---|---|---|---|---|---|---|
| Dewey Decimal Classification | Central Library | Central Library | First floor | 06/08/2009 | 130.00 | 7 | 103 | 621.395 RAB | 000003622 | 15/07/2025 | 22/01/2022 | 162.50 | Book - Borrowing |